Investing psychology <the> effects of behavioral finance on investment choice and bias

Salvato in:
Dettagli Bibliografici
Autore principale: Richards, Tim
Natura: Libro
Lingua:inglese
Pubblicazione: Hoboken Wiley 2014
Serie:Wiley finance series
Soggetti:
Tags: Aggiungi Tag
Nessun Tag, puoi essere il primo ad aggiungerne!!

MARC

LEADER 00000nam a2200000 4500
001 0191578
005 20240306140341.7
020 |a 978-1-118-72219-0 
041 0 |a eng 
044 |a US 
245 1 0 |a Investing psychology  |b <the> effects of behavioral finance on investment choice and bias  |c Tim Richards 
264 1 |a Hoboken  |b Wiley  |c 2014 
300 |a xv, 240 s. 
490 1 |a Wiley finance series 
830 0 |a Wiley finance series 
610 2 0 |a investovanie 
610 2 0 |a financie 
610 2 0 |a investície 
610 2 0 |a psychológia 
100 1 |a Richards, Tim